[Event "23rd EUR-ch"]
[Site "Vrnjacka Banja SRB"]
[Date "2023.03.11"]
[Round "9.46"]
[White "Can, Emre"]
[Black "Clarke, Brandon"]
[Result "1/2-1/2"]
[WhiteElo "2600"]
[BlackElo "2475"]
[EventDate "2023.03.03"]
[PlyCount "70"]

1.d4 Nf6 2.c4 g6 3.Nc3 d5 4.Nf3 Bg7 5.Qb3 dxc4 6.Qxc4 Be6 7.Qb5+ Bd7 8.
Qxb7 Nc6 9.Qb3 Rb8 10.Qd1 Bf5 11.Qa4 Qd7 12.a3 Be6 13.e3 Bb3 14.Qa6 O-O 
15.Be2 Rfd8 16.O-O Rb6 17.Qd3 e5 18.Re1 Rbb8 19.Bd1 Qe6 20.Bxb3 Qxb3 21.
Qd1 Qb6 22.Qc2 exd4 23.exd4 Nxd4 24.Nxd4 Qxd4 25.Be3 Qc4 26.Bxa7 Rb7 27.
Rad1 Rxd1 28.Qxd1 h5 29.Qd8+ Kh7 30.Bd4 Rxb2 31.Bxf6 Qf4 32.Nd1 Bxf6 33.
Qe8 Rb1 34.Qxf7+ Kh6 35.g3 Qd6 1/2-1/2

[Event "23rd EUR-ch"]
[Site "Vrnjacka Banja SRB"]
[Date "2023.03.11"]
[Round "9.47"]
[White "Sadikhov, Ulvi"]
[Black "Mastrovasilis, Dimitrios"]
[Result "0-1"]
[WhiteElo "2485"]
[BlackElo "2599"]
[EventDate "2023.03.03"]
[PlyCount "124"]

1.Nf3 d5 2.g3 c6 3.Bg2 Bg4 4.c4 e6 5.cxd5 Bxf3 6.Bxf3 cxd5 7.O-O Nc6 8.d4 
Nf6 9.Nc3 Be7 10.e3 O-O 11.Bd2 Na5 12.b3 Rc8 13.Rc1 Nc6 14.Qe2 Ba3 15.Rb1 
Qe7 16.Nb5 Bb4 17.Bxb4 Qxb4 18.a3 Qe7 19.Qb2 a6 20.Nc3 Rc7 21.Rfc1 Rfc8 
22.Na4 Nb8 23.b4 Nfd7 24.Be2 b6 25.Bd3 Qd6 26.Rd1 g6 27.Qe2 Qc6 28.b5 axb5
29.Bxb5 Qd6 30.Qb2 Kg7 31.Rdc1 Nf6 32.Rxc7 Qxc7 33.Bd3 Nbd7 34.Qb4 h5 35.
Qb2 Qd6 36.Qb4 Qc7 37.Rb2 Qc1+ 38.Kg2 h4 39.gxh4 Rh8 40.Nc3 Rxh4 41.Be2 
Ng4 42.Rb1 Nxe3+ 43.fxe3 Qxe3 44.Qb2 Nf6 45.Bf3 Ng4 46.Rh1 Qf4 47.Qe2 Qxd4
48.Nd1 Qf4 49.h3 Ne5 50.Qe3 Qf5 51.Nf2 d4 52.Qe2 d3 53.Qe3 Nxf3 54.Qxf3 
Rf4 55.Qe3 Qd5+ 56.Kh2 Rf3 57.Qd2 Qe5+ 58.Kg2 Qg3+ 59.Kf1 e5 60.Rg1 Qxh3+ 
61.Ke1 Re3+ 62.Kd1 Qf3+ 0-1

[Event "23rd EUR-ch"]
[Site "Vrnjacka Banja SRB"]
[Date "2023.03.11"]
[Round "9.48"]
[White "Velten, Paul"]
[Black "Sanal, Vahap"]
[Result "1-0"]
[WhiteElo "2478"]
[BlackElo "2590"]
[EventDate "2023.03.03"]
[PlyCount "137"]

1.d4 d5 2.c4 e6 3.Nf3 a6 4.Bg5 Be7 5.Bxe7 Nxe7 6.Nbd2 O-O 7.g3 b6 8.Bg2 
Bb7 9.O-O Nd7 10.cxd5 Nxd5 11.e4 N5f6 12.Re1 c5 13.e5 Nd5 14.Ne4 Ra7 15.
Rc1 Qe7 16.a3 Ba8 17.dxc5 bxc5 18.Rc2 Bc6 19.Rc1 Rc7 20.Qc2 h6 21.Ned2 
N5b6 22.b3 Rb8 23.h4 a5 24.Ne4 Bd5 25.Nc3 Bxf3 26.Bxf3 c4 27.Nb5 Rc5 28.
Nd4 cxb3 29.Qxb3 Nc4 30.Qxc4 Rxc4 31.Rxc4 Qxa3 32.Nc6 Rb2 33.Be4 Nc5 34.
Bc2 g6 35.Re3 Qa1+ 36.Kg2 Nd7 37.Rd3 Nb6 38.Ne7+ Kg7 39.Rc7 Qa2 40.Rf3 
Rxc2 41.Nc6 Rxf2+ 42.Rxf2 Qd5+ 43.Kg1 Nd7 44.Nd8 Qd1+ 45.Kg2 Qd5+ 46.Kg1 
Qd1+ 47.Rf1 Qd4+ 48.Kh2 g5 49.Rxf7+ Kg6 50.Rcxd7 Qxe5 51.h5+ Kxh5 52.Rf2 
a4 53.Nf7 Qe3 54.Rdd2 a3 55.Rde2 Qd4 56.Ne5 a2 57.g4+ Qxg4 58.Nxg4 a1=Q 
59.Ne5 Qd4 60.Rf3 g4 61.Rg3 Qd1 62.Reg2 Qd6 63.Nxg4 Qc7 64.Ne3 Kh4 65.Nf1 
Qf4 66.Nd2 e5 67.Nf3+ Kh5 68.Kh1 Qc1+ 69.Ng1 1-0

[Event "23rd EUR-ch"]
[Site "Vrnjacka Banja SRB"]
[Date "2023.03.11"]
[Round "9.49"]
[White "Briakin, Mikhail"]
[Black "Asadli, Vugar"]
[Result "1/2-1/2"]
[WhiteElo "2474"]
[BlackElo "2586"]
[EventDate "2023.03.03"]
[PlyCount "36"]

1.d4 Nf6 2.c4 g6 3.g3 Bg7 4.Bg2 O-O 5.Nc3 d6 6.Nf3 Bf5 7.Nh4 Bc8 8.Nf3 c6 
9.O-O Bf5 10.Ng5 h6 11.e4 Bg4 12.Nf3 Qc8 13.Qc2 Nbd7 14.Be3 e5 15.d5 Nb6 
16.Nd2 Bd7 17.f3 c5 18.Rae1 Qc7 1/2-1/2

[Event "23rd EUR-ch"]
[Site "Vrnjacka Banja SRB"]
[Date "2023.03.11"]
[Round "9.50"]
[White "Willow, Jonah"]
[Black "Moroni, Luca jr"]
[Result "1-0"]
[WhiteElo "2459"]
[BlackElo "2578"]
[EventDate "2023.03.03"]
[PlyCount "83"]

1.e4 g6 2.d4 Bg7 3.Nc3 a6 4.Nf3 b5 5.Bd3 Bb7 6.h4 h6 7.a4 b4 8.Ne2 d6 9.
Ng3 e6 10.c3 Nc6 11.O-O Nf6 12.h5 Nxh5 13.Nxh5 gxh5 14.Nh2 h4 15.f4 h3 16.
g4 Qd7 17.Qe2 Ne7 18.Bd2 Rg8 19.Rf3 c5 20.dxc5 dxc5 21.Rxh3 bxc3 22.bxc3 
Rd8 23.Be1 Qc6 24.Rb1 Ng6 25.Bd2 h5 26.gxh5 Nxf4 27.Bxf4 Be5+ 28.Ng4 Bxf4 
29.h6 Ke7 30.h7 Rh8 31.Rf1 e5 32.Rxf4 exf4 33.Rh6 Rd6 34.Ne5 Qc7 35.Qh5 
Rxh6 36.Qxf7+ Kd8 37.Qg8+ Ke7 38.Qf7+ Kd8 39.Qg8+ Ke7 40.Qg7+ Ke6 41.Bc4+ 
Kd6 42.Qxh6+ 1-0

[Event "23rd EUR-ch"]
[Site "Vrnjacka Banja SRB"]
[Date "2023.03.11"]
[Round "9.51"]
[White "Goriachkina, Aleksandra"]
[Black "Soffer, Ram"]
[Result "0-1"]
[WhiteElo "2576"]
[BlackElo "2456"]
[EventDate "2023.03.03"]
[PlyCount "114"]

1.d4 Nf6 2.c4 e6 3.Nc3 Bb4 4.e3 O-O 5.Bd3 d5 6.a3 Bxc3+ 7.bxc3 dxc4 8.Bxc4
c5 9.Ne2 Qc7 10.Bd3 b6 11.e4 Ba6 12.Bg5 Bxd3 13.Qxd3 Nbd7 14.O-O h6 15.Bh4
Qc6 16.f3 Rac8 17.a4 cxd4 18.cxd4 Qc4 19.Qe3 Qa6 20.Nc3 Rc4 21.e5 Rfc8 22.
Rac1 Nh7 23.f4 Ndf8 24.g4 Qb7 25.Bg3 Ng6 26.d5 exd5 27.Nb5 d4 28.Nxd4 Rxc1
29.Rxc1 Rxc1+ 30.Qxc1 Qd7 31.Nf5 Nhf8 32.h3 Qxa4 33.Nd6 Qd4+ 34.Kh2 Qd5 
35.Qc7 a5 36.h4 Qd2+ 37.Kg1 Qd1+ 38.Kf2 Qd4+ 39.Kf1 Qd1+ 40.Kf2 Qd4+ 41.
Kf1 Qd5 42.Kf2 a4 43.f5 a3 44.fxg6 Nxg6 45.h5 Nf8 46.e6 Qxe6 47.Qc4 f6 48.
Qa4 a2 49.Nb5 Qd5 50.Nd4 b5 51.Nxb5 Qd2+ 52.Kf3 Qb2 53.Be5 fxe5 54.Qc4+ 
Kh7 55.Qe4+ Kh8 56.Qa8 Qb3+ 57.Ke4 Qb1+ 0-1

[Event "23rd EUR-ch"]
[Site "Vrnjacka Banja SRB"]
[Date "2023.03.11"]
[Round "9.52"]
[White "Shubin, Kirill"]
[Black "Grigoriants, Sergey"]
[Result "1/2-1/2"]
[WhiteElo "2449"]
[BlackElo "2572"]
[EventDate "2023.03.03"]
[PlyCount "76"]

1.e4 c5 2.Nf3 d6 3.d4 cxd4 4.Nxd4 Nf6 5.Nc3 a6 6.Bg5 Nc6 7.Qd3 Bd7 8.Bxf6 
gxf6 9.O-O-O e6 10.f4 Qb6 11.Nxc6 bxc6 12.Be2 Rb8 13.b3 Qb4 14.Kb1 a5 15.
Rhf1 Be7 16.g4 h6 17.h4 Kd8 18.g5 hxg5 19.fxg5 fxg5 20.hxg5 Rf8 21.Qe3 Kc7
22.Rd3 Qb6 23.Qg3 Qc5 24.Rfd1 Be8 25.Na4 Qxg5 26.Qxg5 Bxg5 27.Rxd6 Be7 28.
e5 Rd8 29.Rxd8 Bxd8 30.Nb6 Be7 31.Nc4 a4 32.bxa4 c5 33.a5 Bc6 34.Nb6 Bg5 
35.Bc4 Rh8 36.Rf1 Rh1 37.Rxh1 Bxh1 38.Bb5 Bf3 1/2-1/2

[Event "23rd EUR-ch"]
[Site "Vrnjacka Banja SRB"]
[Date "2023.03.11"]
[Round "9.53"]
[White "Stankovic, Milos"]
[Black "Laurusas, Tomas"]
[Result "1-0"]
[WhiteElo "2447"]
[BlackElo "2571"]
[EventDate "2023.03.03"]
[PlyCount "85"]

1.e4 c5 2.Nf3 e6 3.d4 cxd4 4.Nxd4 a6 5.Bd3 Qc7 6.O-O Nf6 7.Qe2 d6 8.c4 Nc6
9.Nxc6 bxc6 10.Nc3 e5 11.f4 Be7 12.Kh1 h5 13.f5 Bb7 14.Be3 h4 15.Rac1 Qd8 
16.Rcd1 Qc7 17.Rc1 Qd8 18.Rcd1 Nd7 19.Qg4 Kf8 20.Qf3 Bg5 21.Be2 Rh6 22.Rd2
Bxe3 23.Qxe3 Qe7 24.Rfd1 c5 25.a3 Kg8 26.Kg1 Rb8 27.b4 Ra8 28.Rb1 cxb4 29.
axb4 a5 30.bxa5 Nc5 31.Ra2 Qc7 32.Rb5 Bc6 33.Nd5 Qd8 34.a6 Rxa6 35.Rxc5 
Rxa2 36.Rxc6 Qa5 37.h3 Ra3 38.Qf2 Ra2 39.Qe3 Ra3 40.Qf2 Ra2 41.f6 Kh7 42.
fxg7 Qa7 43.c5 1-0

[Event "23rd EUR-ch"]
[Site "Vrnjacka Banja SRB"]
[Date "2023.03.11"]
[Round "9.54"]
[White "Wadsworth, Matthew"]
[Black "Makarian, Rudik"]
[Result "1/2-1/2"]
[WhiteElo "2439"]
[BlackElo "2557"]
[EventDate "2023.03.03"]
[PlyCount "141"]

1.c4 e6 2.g3 d5 3.Bg2 Nf6 4.Nf3 Be7 5.O-O c6 6.b3 O-O 7.Bb2 b5 8.d3 a5 9.
Nbd2 a4 10.Rc1 Bb7 11.Qc2 a3 12.Ba1 Na6 13.Qb1 Nd7 14.e4 c5 15.exd5 exd5 
16.cxb5 Nb4 17.d4 Qb6 18.Rfe1 Rfe8 19.Bc3 Qxb5 20.Bf1 Qb6 21.Bh3 Nf8 22.
Rxe7 Rxe7 23.dxc5 Qxc5 24.Bxg7 Qd6 25.Nd4 Qg6 26.Nf5 Rae8 27.Bc3 Nc6 28.
Nxe7+ Rxe7 29.Qxg6+ hxg6 30.Bg2 d4 31.Ba1 Re2 32.Rd1 d3 33.Bf3 Re7 34.Nc4 
Nb4 35.Bxb7 Rxb7 36.Nxa3 Ne6 37.Nc4 Nxa2 38.Rxd3 Nc1 39.Rd1 Nxb3 40.Bf6 
Rc7 41.Ne3 Rc1 42.Rxc1 Nxc1 43.f4 Nc5 44.f5 Ne4 45.Bb2 Nd3 46.Bd4 Kh7 47.
Kf1 Nb4 48.Ke2 Nc6 49.Ba1 Ne7 50.f6 Nf5 51.Nd5 Ng5 52.Ne7 Ne4 53.g4 Nh6 
54.Kf3 Ng5+ 55.Kg3 Ne4+ 56.Kf4 Nf2 57.Bd4 Nfxg4 58.h3 Nh2 59.Bc3 g5+ 60.
Kg3 Nf1+ 61.Kf2 g4 62.hxg4 Nd2 63.Bxd2 Nxg4+ 64.Kf3 Nxf6 65.Kf4 Ng8 66.Nf5
Kg6 67.Bc3 f6 68.Bb4 Nh6 69.Ne7+ Kf7 70.Ba3 Ke6 71.Bb4 1/2-1/2

[Event "23rd EUR-ch"]
[Site "Vrnjacka Banja SRB"]
[Date "2023.03.11"]
[Round "9.55"]
[White "Parligras, Mircea-Emilian"]
[Black "Kaasen, Tor Fredrik"]
[Result "1/2-1/2"]
[WhiteElo "2554"]
[BlackElo "2464"]
[EventDate "2023.03.03"]
[PlyCount "83"]

1.d4 Nf6 2.c4 g6 3.Nc3 d5 4.Nf3 Bg7 5.cxd5 Nxd5 6.Qa4+ c6 7.e4 Nxc3 8.bxc3
O-O 9.Be2 Nd7 10.O-O e5 11.Bg5 Qc7 12.Bh4 Re8 13.Bg3 Qd8 14.Qc2 exd4 15.
cxd4 Nf6 16.Bh4 Qa5 17.Nd2 Qb6 18.Qd3 Rd8 19.d5 cxd5 20.e5 Bf5 21.Qb5 Qxb5
22.Bxb5 a6 23.Ba4 Ng4 24.Bxd8 Rxd8 25.f4 Bf8 26.Rac1 Bb4 27.Nf3 Bd3 28.
Rfd1 Be2 29.Rd4 Ba5 30.Bd1 Bxf3 31.Bxf3 Bb6 32.Bxg4 Bxd4+ 33.Kf1 Be3 34.
Rc8 Rxc8 35.Bxc8 Bxf4 36.e6 fxe6 37.Bxe6+ Kg7 38.Bxd5 b5 39.h3 Kf6 40.Ke2 
Ke5 41.Bb7 a5 42.Kd3 1/2-1/2

[Event "23rd EUR-ch"]
[Site "Vrnjacka Banja SRB"]
[Date "2023.03.11"]
[Round "9.56"]
[White "Seemann, Jakub"]
[Black "Kozak, Adam"]
[Result "0-1"]
[WhiteElo "2424"]
[BlackElo "2552"]
[EventDate "2023.03.03"]
[PlyCount "64"]

1.e4 c5 2.Nf3 a6 3.c4 e6 4.d4 cxd4 5.Nxd4 Nf6 6.Nc3 Bb4 7.Qd3 Qc7 8.Nc2 
Bd6 9.g3 Nc6 10.f4 e5 11.g4 exf4 12.g5 Ng4 13.Nd5 Qd8 14.Nf6+ Nxf6 15.Qxd6
Nxe4 16.Qxf4 O-O 17.Bg2 Qa5+ 18.Kf1 f5 19.Be3 d6 20.Kg1 Be6 21.b3 Ne5 22.
Nd4 Rae8 23.Rf1 Bd7 24.h3 Ng6 25.Qf3 f4 26.Bf2 Kh8 27.h4 d5 28.cxd5 Nd2 
29.Qd1 Nxf1 30.Qxf1 f3 31.Bxf3 Ne5 32.Be2 Qxd5 0-1

[Event "23rd EUR-ch"]
[Site "Vrnjacka Banja SRB"]
[Date "2023.03.11"]
[Round "9.57"]
[White "Sychev, Klementy"]
[Black "Loiseau, Quentin"]
[Result "1/2-1/2"]
[WhiteElo "2549"]
[BlackElo "2449"]
[EventDate "2023.03.03"]
[PlyCount "135"]

1.d4 Nf6 2.c4 e6 3.Nf3 Bb4+ 4.Bd2 a5 5.a3 Be7 6.Nc3 d5 7.Bf4 O-O 8.e3 b6 
9.Bd3 Ba6 10.Qe2 dxc4 11.Bxc4 Nd5 12.O-O Nxc3 13.bxc3 a4 14.e4 Bxc4 15.
Qxc4 c6 16.Rfb1 b5 17.Qe2 Nd7 18.c4 bxc4 19.Qxc4 c5 20.d5 exd5 21.Qxd5 Re8
22.Rb7 Nf6 23.Qc4 Qc8 24.Rab1 Qe6 25.Qxe6 fxe6 26.Nd2 c4 27.Nxc4 Nxe4 28.
Be3 Nc3 29.R1b6 Bf8 30.Rc6 Rac8 31.Rbc7 Rxc7 32.Rxc7 Nb5 33.Rc6 Ra8 34.Nb6
Ra6 35.Rc8 Kf7 36.Nc4 Be7 37.Bc5 Kf6 38.g4 Bxc5 39.Rxc5 Nd4 40.g5+ Kg6 41.
Kg2 Nb3 42.Rc7 h6 43.gxh6 Kxh6 44.Kf3 Ra8 45.Ke3 Na5 46.Ne5 Rb8 47.Ra7 Rb5
48.f4 g5 49.Nf7+ Kg6 50.Nxg5 e5 51.Nf3 Nc4+ 52.Kf2 exf4 53.Rxa4 Rb2+ 54.
Kg1 Rb3 55.Nh4+ Kh5 56.Rxc4 Kxh4 57.Rxf4+ Kg5 58.Ra4 Rb1+ 59.Kf2 Rb2+ 60.
Ke3 Rxh2 61.Ra6 Rh4 62.a4 Kf5 63.a5 Ke5 64.Rg6 Kd5 65.a6 Kc5 66.a7 Ra4 67.
Rg4 Ra3+ 68.Ke4 1/2-1/2

[Event "23rd EUR-ch"]
[Site "Vrnjacka Banja SRB"]
[Date "2023.03.11"]
[Round "9.58"]
[White "Boruchovsky, Avital"]
[Black "Nigalidze, Gaioz"]
[Result "1-0"]
[WhiteElo "2536"]
[BlackElo "2448"]
[EventDate "2023.03.03"]
[PlyCount "167"]

1.e4 c5 2.Nf3 Nc6 3.Bb5 e5 4.c3 a6 5.Bxc6 dxc6 6.Nxe5 Qg5 7.Nf3 Qxg2 8.Rg1
Qh3 9.d3 h6 10.Be3 Be6 11.Nbd2 Nf6 12.Qe2 Ng4 13.Bf4 g5 14.Bc7 Rc8 15.Bg3 
Be7 16.O-O-O Nf6 17.Nc4 Bxc4 18.dxc4 Qe6 19.Ne5 Rd8 20.f4 Rxd1+ 21.Rxd1 
gxf4 22.Bxf4 Rg8 23.Qf3 Ng4 24.Rg1 Nf6 25.Rxg8+ Nxg8 26.Qg3 Kf8 27.b3 h5 
28.h3 Nf6 29.Qd3 Ke8 30.Kb2 Bd6 31.Nxc6 Nxe4 32.Bxd6 Nxd6 33.Na5 b6 34.Nc6
Nxc4+ 35.Qxc4 Qxc6 36.Qe2+ Kf8 37.Qxh5 Qg2+ 38.Ka3 Kg7 39.Qe5+ Kh7 40.Qc7 
Qg6 41.Qa7 Qe6 42.c4 Kh6 43.Qxa6 f5 44.Qa8 f4 45.h4 Kh5 46.Qd5+ Qxd5 47.
cxd5 f3 48.d6 f2 49.d7 f1=Q 50.d8=Q Qa6+ 51.Kb2 Qe2+ 52.Kc1 Qe3+ 53.Kc2 
Qf2+ 54.Kc3 Qe3+ 55.Kc2 Qf2+ 56.Kc1 Qe3+ 57.Qd2 Qe5 58.Kc2 Kxh4 59.Qh6+ 
Kg4 60.Qxb6 Qe4+ 61.Kb2 Qd4+ 62.Ka3 Kf5 63.Qb5 Kg6 64.Qc4 Qf2 65.Qg8+ Kh6 
66.Qh8+ Kg6 67.Qb2 Qe3 68.Qg2+ Kf6 69.Ka4 Qd4+ 70.Kb5 Qb4+ 71.Kc6 Qa3 72.
Qd2 Ke7 73.Kb6 Kf7 74.Qa5 Qb2 75.Qa4 Ke7 76.Qe4+ Kd7 77.Qd5+ Ke8 78.a4 c4 
79.Qxc4 Kd8 80.Qd5+ Kc8 81.a5 Qh2 82.a6 Qc7+ 83.Kb5 Kb8 84.Qb7+ 1-0

[Event "23rd EUR-ch"]
[Site "Vrnjacka Banja SRB"]
[Date "2023.03.11"]
[Round "9.59"]
[White "Schekachikhin, Maksim"]
[Black "Sebenik, Matej"]
[Result "0-1"]
[WhiteElo "2367"]
[BlackElo "2536"]
[EventDate "2023.03.03"]
[PlyCount "62"]

1.d4 Nf6 2.c4 g6 3.Nc3 Bg7 4.e4 d6 5.Be2 O-O 6.Be3 Nc6 7.d5 Ne5 8.f4 Neg4 
9.Bd2 Nh6 10.h3 e6 11.g4 exd5 12.cxd5 Re8 13.Qc2 Bd7 14.Kf1 c6 15.g5 Nxe4 
16.gxh6 Bxc3 17.Bxc3 Qh4 18.Be1 Qxf4+ 19.Bf3 cxd5 20.Qc1 Qe5 21.a4 Rac8 
22.Qd1 Qxb2 23.Ne2 Ng5 24.Rb1 Qf6 25.Ng1 Bxa4 26.Qxa4 Nxf3 27.Nxf3 Qxf3+ 
28.Kg1 Re2 29.Qg4 Qe3+ 30.Kf1 Re8 31.Qg3 Qe4 0-1

[Event "23rd EUR-ch"]
[Site "Vrnjacka Banja SRB"]
[Date "2023.03.11"]
[Round "9.60"]
[White "Maurizzi, Marc`Andria"]
[Black "Stoyanov, Tsvetan"]
[Result "1-0"]
[WhiteElo "2535"]
[BlackElo "2446"]
[EventDate "2023.03.03"]
[PlyCount "113"]

1.e4 e5 2.Nf3 Nf6 3.Nxe5 d6 4.Nf3 Nxe4 5.c4 Nc6 6.d3 Nf6 7.d4 Bg4 8.d5 
Qe7+ 9.Be2 Bxf3 10.gxf3 Ne5 11.f4 Nf3+ 12.Kf1 Nh4 13.Qb3 O-O-O 14.Nc3 a6 
15.Bd3 Qd7 16.h3 g6 17.Qa3 Bg7 18.b4 Rhe8 19.b5 a5 20.Qxa5 Kb8 21.b6 cxb6 
22.Qxb6 Nxd5 23.Nxd5 Bxa1 24.Be3 Qc6 25.Qa7+ Kc8 26.Ke2 Bg7 27.Rg1 Bh8 28.
Nb6+ Kc7 29.Nd5+ Kc8 30.Rb1 Qa6 31.Nb6+ Kc7 32.Nd5+ Kc8 33.Qxa6 bxa6 34.c5
dxc5 35.Bxa6+ Kd7 36.Bb5+ Kd6 37.Bxe8 Rxe8 38.Nb6 Kc6 39.a4 Rb8 40.Bxc5 
Ng2 41.Kf3 Nh4+ 42.Kg4 Nf5 43.a5 Rb7 44.a6 Ra7 45.Nd7 Rxd7 46.a7 Rxa7 47.
Bxa7 Kd5 48.Kf3 Bf6 49.Rb5+ Ke6 50.Rb6+ Ke7 51.Rb7+ Ke6 52.Bc5 Bd8 53.Ke4 
Ba5 54.Ra7 Bd2 55.Ra6+ Kd7 56.Ke5 Bc3+ 57.Kd5 1-0

[Event "23rd EUR-ch"]
[Site "Vrnjacka Banja SRB"]
[Date "2023.03.11"]
[Round "9.61"]
[White "Nasuta, Grzegorz"]
[Black "Stalmach, Richard"]
[Result "1-0"]
[WhiteElo "2535"]
[BlackElo "2436"]
[EventDate "2023.03.03"]
[PlyCount "69"]

1.e4 c5 2.Nf3 d6 3.d4 cxd4 4.Nxd4 Nf6 5.Nc3 Nc6 6.Bg5 Bd7 7.Qd2 a6 8.O-O-O
e6 9.Kb1 Nxd4 10.Qxd4 Be7 11.f3 Qc7 12.Qd2 b5 13.g4 h5 14.gxh5 b4 15.Ne2 
Rxh5 16.Be3 a5 17.Nf4 Rh4 18.Qf2 Rh8 19.h4 a4 20.Nd3 Rb8 21.Qd2 b3 22.cxb3
axb3 23.Rc1 bxa2+ 24.Ka1 Qb7 25.Rg1 Bb5 26.Rxg7 Rxh4 27.Bd4 Rh1 28.Qg2 Rh8
29.e5 dxe5 30.Nxe5 Bxf1 31.Rxf1 Qd5 32.Rxf7 Rg8 33.Rg7 Rxg7 34.Qxg7 Rb7 
35.Qh8+ 1-0

[Event "23rd EUR-ch"]
[Site "Vrnjacka Banja SRB"]
[Date "2023.03.11"]
[Round "9.62"]
[White "Stocek, Jiri"]
[Black "Erdogmus, Yagiz Kaan"]
[Result "1/2-1/2"]
[WhiteElo "2534"]
[BlackElo "2445"]
[EventDate "2023.03.03"]
[PlyCount "119"]

1.d4 d5 2.Nf3 Nf6 3.Bg5 e6 4.e3 c5 5.Nbd2 Nc6 6.c3 Be7 7.dxc5 Bxc5 8.Bd3 
h6 9.Bh4 Be7 10.Bg3 O-O 11.O-O Nh5 12.Re1 Nxg3 13.hxg3 Qb6 14.Rb1 Rd8 15.
Qe2 g6 16.b4 Bf6 17.c4 a5 18.c5 Qc7 19.a3 axb4 20.axb4 Ra2 21.Qd1 Bd7 22.
e4 Ne5 23.Nxe5 Ba4 24.Qc1 Bxe5 25.Nf3 dxe4 26.Bxe4 Bg7 27.b5 Ra8 28.Qc4 
Ra3 29.Rec1 Kh7 30.b6 Qe7 31.c6 bxc6 32.Bxc6 Bxc6 33.Qxc6 Rb8 34.Qc7 Qxc7 
35.bxc7 Rxb1 36.Rxb1 Rc3 37.Rb7 g5 38.g4 Kg6 39.Kf1 h5 40.gxh5+ Kxh5 41.
c8=Q Rxc8 42.Rxf7 Kg6 43.Rd7 g4 44.Nd2 Bc3 45.Ne4 Rc4 46.Ng3 Be5 47.Ne2 
Kf5 48.Rf7+ Kg6 49.Rf8 Rc2 50.Ke1 Rb2 51.Rc8 Kf5 52.Rc4 Ra2 53.Nc1 Ra1 54.
Ke2 g3 55.fxg3 Bxg3 56.Nb3 Ra2+ 57.Kf3 Ra3 58.Rc3 Bd6 59.Nd4+ Kf6 60.Nb5 
1/2-1/2

[Event "23rd EUR-ch"]
[Site "Vrnjacka Banja SRB"]
[Date "2023.03.11"]
[Round "9.63"]
[White "Damjanovic, Vuk"]
[Black "Kacharava, Nikolozi"]
[Result "0-1"]
[WhiteElo "2361"]
[BlackElo "2531"]
[EventDate "2023.03.03"]
[PlyCount "100"]

1.b3 Nf6 2.Bb2 e6 3.Nf3 d5 4.c4 Nbd7 5.g3 Bd6 6.Bg2 O-O 7.O-O c6 8.d4 b6 
9.Nc3 Bb7 10.Nd2 Qe7 11.e4 dxe4 12.Ndxe4 Ba3 13.Bxa3 Qxa3 14.Qc2 Qe7 15.
Rfe1 Rad8 16.Rad1 h6 17.Nxf6+ Nxf6 18.d5 cxd5 19.cxd5 Qc5 20.dxe6 Rxd1 21.
exf7+ Kxf7 22.Rxd1 Bxg2 23.Kxg2 Rc8 24.Rd3 Nd5 25.b4 Qc4 26.Rd4 Qxc3 27.
Qxc3 Nxc3 28.Rd7+ Kf6 29.Rxa7 b5 30.a3 Rd8 31.Rc7 Na4 32.Rb7 Nc3 33.Rc7 
Ne4 34.Kf3 Nd2+ 35.Ke2 Nb1 36.Ra7 Nc3+ 37.Kf3 Rd6 38.Rc7 Rd3+ 39.Kg4 Nb1 
40.f4 Nxa3 41.Rc6+ Kf7 42.Kf5 Re3 43.g4 Nc2 44.Rc7+ Re7 45.Rxe7+ Kxe7 46.
Ke5 Nxb4 47.Kd4 Kd6 48.g5 Nc6+ 49.Ke4 hxg5 50.fxg5 Ke6 0-1

[Event "23rd EUR-ch"]
[Site "Vrnjacka Banja SRB"]
[Date "2023.03.11"]
[Round "9.64"]
[White "Petkov, Momchil"]
[Black "Ohanian, Emin"]
[Result "1/2-1/2"]
[WhiteElo "2526"]
[BlackElo "2405"]
[EventDate "2023.03.03"]
[PlyCount "55"]

1.d4 Nf6 2.Nf3 d5 3.Bf4 c5 4.e3 Nc6 5.Nbd2 Qb6 6.dxc5 Qxb2 7.Rb1 Qc3 8.Bb5
g6 9.e4 dxe4 10.Be5 Qa5 11.O-O exf3 12.Nc4 Qd8 13.Bxc6+ bxc6 14.Qxf3 Bg4 
15.Qxc6+ Bd7 16.Qb7 Qc8 17.Nd6+ exd6 18.Bxf6 Qxb7 19.Rxb7 Rg8 20.Rd1 Bc8 
21.Rc7 d5 22.c4 d4 23.Rxd4 Be6 24.Rxa7 Rc8 25.Rc7 Rb8 26.Rb7 Rc8 27.Rc7 
Rb8 28.Rb7 1/2-1/2

[Event "23rd EUR-ch"]
[Site "Vrnjacka Banja SRB"]
[Date "2023.03.11"]
[Round "9.65"]
[White "Danielian, Vahe"]
[Black "Kulaots, Kaido"]
[Result "1/2-1/2"]
[WhiteElo "2307"]
[BlackElo "2525"]
[EventDate "2023.03.03"]
[PlyCount "130"]

1.e4 c5 2.Nc3 d6 3.d4 cxd4 4.Qxd4 Nc6 5.Qd2 g6 6.b3 Bh6 7.f4 Nf6 8.Bb2 O-O
9.O-O-O e5 10.g3 Re8 11.Bg2 Bg4 12.Bf3 Bxf3 13.Nxf3 exf4 14.Kb1 Nxe4 15.
Nxe4 Rxe4 16.Qc3 f6 17.gxf4 Bxf4 18.Qd3 d5 19.Qb5 Rb4 20.Qc5 Qd6 21.Qxd6 
Bxd6 22.Rxd5 Be7 23.c4 Rb6 24.Rhd1 Rd8 25.Nd2 Nb4 26.Rxd8+ Bxd8 27.a3 Na6 
28.c5 Re6 29.b4 Be7 30.Nb3 Nb8 31.b5 Kf7 32.Rc1 Bd8 33.a4 a6 34.Nd4 Re4 
35.Rf1 axb5 36.axb5 Bc7 37.Kc2 Re5 38.Ba3 Nd7 39.b6 Bb8 40.c6 Nxb6 41.cxb7
Nc4 42.Rf3 Rd5 43.Nc6 Nxa3+ 44.Rxa3 Rc5+ 45.Rc3 Rxc3+ 46.Kxc3 Bxh2 47.Kd4 
h5 48.b8=Q Bxb8 49.Nxb8 h4 50.Ke3 g5 51.Nc6 h3 52.Kf2 f5 53.Ne5+ Ke6 54.
Nd3 f4 55.Kf3 Kf5 56.Nf2 h2 57.Kg2 g4 58.Kxh2 g3+ 59.Kg2 gxf2 60.Kxf2 Ke4 
61.Ke2 f3+ 62.Kf2 Kf4 63.Kf1 Ke3 64.Ke1 f2+ 65.Kf1 Kf3 1/2-1/2

[Event "23rd EUR-ch"]
[Site "Vrnjacka Banja SRB"]
[Date "2023.03.11"]
[Round "9.66"]
[White "Yilmazyerli, Mert"]
[Black "Manafov, Vugar"]
[Result "1-0"]
[WhiteElo "2525"]
[BlackElo "2349"]
[EventDate "2023.03.03"]
[PlyCount "51"]

1.e4 c5 2.Nc3 e6 3.Nge2 a6 4.g3 b5 5.Bg2 Bb7 6.O-O Nf6 7.Re1 b4 8.Nd5 exd5
9.exd5 d6 10.Nd4+ Kd7 11.Nf3 Bxd5 12.c4 bxc3 13.dxc3 Kc8 14.c4 Bc6 15.b4 
Nbd7 16.Bh3 Kc7 17.bxc5 Nxc5 18.Bd2 a5 19.Nd4 Be4 20.Bc3 Ra6 21.Nb3 Nxb3 
22.axb3 d5 23.Rxa5 Qa8 24.Rb5 Qc6 25.Qd2 Bd6 26.Ba5+ 1-0

[Event "23rd EUR-ch"]
[Site "Vrnjacka Banja SRB"]
[Date "2023.03.11"]
[Round "9.67"]
[White "Socko, Bartosz"]
[Black "Milosevic, Milos"]
[Result "1-0"]
[WhiteElo "2618"]
[BlackElo "2347"]
[EventDate "2023.03.03"]
[PlyCount "101"]

1.d4 Nf6 2.Nf3 g6 3.c4 Bg7 4.g3 O-O 5.Bg2 d6 6.O-O c5 7.Nc3 Nc6 8.d5 Na5 
9.Nd2 e6 10.Qc2 exd5 11.cxd5 Bd7 12.b3 b5 13.Bb2 b4 14.Nce4 Bb5 15.Rfe1 
Nxe4 16.Bxg7 Kxg7 17.Nxe4 f5 18.Nd2 Qf6 19.e4 Rae8 20.exf5 gxf5 21.Bf1 
Bxf1 22.Nxf1 f4 23.Rad1 h5 24.Rxe8 Rxe8 25.Qd3 Rf8 26.Rd2 Nb7 27.Re2 Nd8 
28.gxf4 h4 29.f3 Kh8 30.Rg2 Rg8 31.Rxg8+ Kxg8 32.Ne3 Qa1+ 33.Kg2 Qxa2+ 34.
Kh3 Qf2 35.Qg6+ Kf8 36.Qxd6+ Ke8 37.Ng4 Qxf3+ 38.Kxh4 Qe2 39.Nf6+ Kf7 40.
Qxd8 Kg6 41.Ng4 Qe1+ 42.Kh3 Qf1+ 43.Kg3 Qg1+ 44.Kf3 Qd1+ 45.Kf2 Qd4+ 46.
Ne3 Qxf4+ 47.Ke2 Qxh2+ 48.Kd3 Qb2 49.Qg8+ Kh5 50.Qg4+ Kh6 51.Qh3+ 1-0

[Event "23rd EUR-ch"]
[Site "Vrnjacka Banja SRB"]
[Date "2023.03.11"]
[Round "9.68"]
[White "Ben Ari, Yannay"]
[Black "Van Foreest, Lucas"]
[Result "1/2-1/2"]
[WhiteElo "2411"]
[BlackElo "2570"]
[EventDate "2023.03.03"]
[PlyCount "129"]

1.Nf3 d5 2.g3 Nf6 3.Bg2 e6 4.O-O Be7 5.c4 O-O 6.b3 d4 7.e3 c5 8.Ne5 Qc7 9.
f4 Nfd7 10.exd4 cxd4 11.Nd3 Nc6 12.Ba3 Qd8 13.Qh5 a5 14.Qb5 Ra6 15.Bxe7 
Qxe7 16.c5 Na7 17.Qc4 b6 18.Rc1 Nxc5 19.Nxc5 Qxc5 20.Qxc5 bxc5 21.Rxc5 a4 
22.b4 a3 23.Bf1 Ra4 24.Ra5 Rxa5 25.bxa5 Nc6 26.Nxa3 Nxa5 27.Rc1 Bb7 28.Rc5
Ra8 29.Nb5 Kf8 30.Kf2 Bc6 31.Nxd4 Bd5 32.Rc2 Nb7 33.Bg2 Bxg2 34.Kxg2 Nd6 
35.d3 Ra4 36.Nb3 Nf5 37.Kf2 Ne7 38.Nc5 Ra3 39.Ke3 h5 40.Rb2 Nf5+ 41.Kd2 
Ke7 42.Ne4 Kd7 43.h3 Kc6 44.g4 hxg4 45.hxg4 Nd6 46.Nxd6 Kxd6 47.Rb7 Rxa2+ 
48.Ke3 f5 49.gxf5 exf5 50.Rxg7 Ra4 51.Rg6+ Ke7 52.Rc6 Rb4 53.Rc4 Rb1 54.
Kd4 Kd6 55.Ra4 Rb6 56.Rc4 Rb1 57.Ra4 Rb6 58.Ra5 Rb4+ 59.Ke3 Ke6 60.Re5+ 
Kf6 61.Rc5 Ke6 62.Rc6+ Ke7 63.Rc4 Rb5 64.Ra4 Rb6 65.Kd4 1/2-1/2

[Event "23rd EUR-ch"]
[Site "Vrnjacka Banja SRB"]
[Date "2023.03.11"]
[Round "9.69"]
[White "Nesterov, Arseny"]
[Black "Kalogeris, Ioannis"]
[Result "1/2-1/2"]
[WhiteElo "2568"]
[BlackElo "2409"]
[EventDate "2023.03.03"]
[PlyCount "99"]

1.d4 e6 2.c4 d5 3.Nc3 Nf6 4.cxd5 exd5 5.Bg5 c6 6.e3 Be7 7.Qc2 h6 8.Bf4 Be6
9.Bd3 Nbd7 10.Nf3 O-O 11.O-O Rc8 12.h3 c5 13.a3 c4 14.Bf5 Qb6 15.Bxe6 Qxe6
16.Ne5 Nxe5 17.Bxe5 Nd7 18.Bg3 f5 19.Rfe1 a6 20.f3 b5 21.Kh1 Bd6 22.Bxd6 
Qxd6 23.e4 dxe4 24.fxe4 fxe4 25.Nxe4 Qg6 26.Qd2 Rcd8 27.Rad1 Rf5 28.Re3 
Nf6 29.Qa5 Rf8 30.Rg3 Qh5 31.Nxf6+ R5xf6 32.Re1 Qd5 33.Re7 R8f7 34.Rxf7 
Rxf7 35.Qb6 Qe4 36.Kh2 Kh7 37.Qxa6 Qxd4 38.Qg6+ Kg8 39.Qe6 Qf4 40.Qe8+ Kh7
41.Qxb5 Rf5 42.Qb6 Rg5 43.Qe3 Qb8 44.a4 Kh8 45.h4 Rg4 46.a5 Rxh4+ 47.Kg1 
Qxb2 48.Qe8+ Kh7 49.Qg6+ Kh8 50.Qe8+ 1/2-1/2

[Event "23rd EUR-ch"]
[Site "Vrnjacka Banja SRB"]
[Date "2023.03.11"]
[Round "9.70"]
[White "Kobo, Ori"]
[Black "Radovanovic, Nikola"]
[Result "1-0"]
[WhiteElo "2548"]
[BlackElo "2407"]
[EventDate "2023.03.03"]
[PlyCount "87"]

1.e4 c5 2.Nf3 d6 3.d4 cxd4 4.Qxd4 Nc6 5.Bb5 Bd7 6.Qd3 a6 7.Bxc6 Bxc6 8.c4 
Nf6 9.Nc3 e6 10.O-O Be7 11.Rd1 O-O 12.Nd4 Bd7 13.h3 Rc8 14.Bd2 Qc7 15.b3 
Rfd8 16.Rac1 Be8 17.a4 Qb8 18.Qe2 Nd7 19.Qg4 Ne5 20.Qg3 Nc6 21.Nde2 Kh8 
22.Bg5 Bxg5 23.Qxg5 Qc7 24.Rb1 Qa5 25.Qh4 Ne5 26.Qe7 Kg8 27.Qh4 b5 28.b4 
Qb6 29.a5 Qb8 30.cxb5 axb5 31.f4 Nd7 32.Rd3 Nf6 33.Rbd1 Bc6 34.e5 Nd5 35.
Nxd5 Bxd5 36.f5 Rc4 37.Qg3 dxe5 38.f6 g6 39.Qg5 Rd7 40.Nc3 Rxb4 41.Nxd5 
Rxd5 42.Rxd5 exd5 43.Rc1 Rf4 44.Qxe5 1-0